Caricamento...

Advertising : planning and implementation

Dettagli Bibliografici
Autore principale: Sangeeta Sharma
Altri autori: Raghuvir singh
Natura: Printed Book
Pubblicazione: Delhi PHI 2017
Soggetti:
LEADER 00510nam a22001697a 4500
999 |c 57509  |d 57509 
020 |a 9788120329737 
082 |a 659.1  |b SAN/A 
100 |a Sangeeta Sharma 
245 |a Advertising : planning and implementation 
260 |a Delhi  |b PHI  |c 2017 
300 |a 478p. 
650 |a Marketing 
650 |a Advertisement 
700 |a Raghuvir singh 
942 |c BK 
952 |0 0  |1 0  |4 0  |6 659_100000000000000_SAN_A  |7 0  |9 64560  |a KUCL  |c Stack  |d 2019-06-15  |g 395.00  |l 0  |o 659.1 SAN/A  |p 48937  |r 2019-06-15  |w 2019-06-15  |y BK